000 00399nam a22001697a 4500
005 20160630150256.0
008 160630b xxu||||| |||| 00| 0 eng d
020 _a978-93-5027-124-7
041 _aeng
082 _b19934
100 _aAggarwal RS
_9880
245 _aMathematics Class XII
260 _bBharti Bhawan
_c2015
300 _a1383
650 _aDiploma Engineering
_9817
942 _cBK
999 _c4954
_d4952